ბათუმის შოთა რუსთაველის სახელმწიფო უნივერსიტეტის ბიბლიოთეკა

მოკვლევისა და წინასწარი გამოძიების პროცესუალური აქტები : (ბიბ.ჩანაწერი № 37638)

000 -ლიდერი
ფიქსირებული სიგრძის საკონტროლო ველი 01158nam a2200229Ia 4500
001 - საკონტროლო ნომერი
საკონტროლო ველი 3610
003 - საკონტროლო ნომრის იდენტიფიკატორი
საკონტროლო ველი GE_BSU
005 - ბოლო ოპერაციის თარიღი და დრო
საკონტროლო ველი 20190624155040.0
008 - ფიქსირებული სიგრძის მონაცემთა ელემენტები - ზოგადი ინფორმაცია
ფიქსირებული სიგრძის საკონტროლო ველი 181216s2001||||ge |||||||||||||| ||geo||
040 ## - კატალოგიზაციის წყარო
Transcribing agency GE_BSU
041 ## - ენის კოდი
Language code of text/sound track or separate title geo
080 ## - უნივერსალური ათობითი კლასიფიკაციის ინდექსი
Universal Decimal Classification number 343 ს–99
100 ## - მთავარი ჩანაწერი - პიროვნების სახელი
Personal name სხულუხია, კოტე
9 (RLIN) 2840
245 ## - ცნობა სათაურის შესახებ
Title მოკვლევისა და წინასწარი გამოძიების პროცესუალური აქტები :
Remainder of title კრებული /
Statement of responsibility, etc კოტე სხულუხია, თენგიზ სიჭინავა.
264 ## - წარმოების, გამოცემის, დისტრიბუციის და სხვა ცნობები
გამოცემის, წარმოების, დისტრიბუციის... ადგილი თბილისი,
გამოცემის, წარმოების, დისტრიბუციის... თარიღი 2001.
300 ## - ფიზიკური აღწერა
Extent 268 გვ. ;
Other physical details 20 სმ.
653 ## - INDEX TERM--UNCONTROLLED
Uncontrolled term საქართველოს სისხლის სამართლის კოდექსი
653 ## - INDEX TERM--UNCONTROLLED
Uncontrolled term საქართველოს სისხლის სამართლის საპროცესო კოდექსი
653 ## - INDEX TERM--UNCONTROLLED
Uncontrolled term წინასწარი გამოძიება; მოკვლევა
700 ## - ADDED ENTRY--PERSONAL NAME
Personal name სიჭინავა, თენგიზ
Relator term ავტორი
9 (RLIN) 2841
942 ## - ADDED ENTRY ELEMENTS (KOHA)
Koha item type წიგნი
Source of classification or shelving scheme
ეგზემპლარები
ჩამოწერის სტატუსი დაკარგული ეგზემპლარის სტატუსი კლასიფიკაციის წყარო ან თაროზე გაწყობის სქემა დაზიანების სტატუსი არ გაიცემა მუდმივი მდებარეობა (დაცვის ადგილი) ამჟამინდელი ადგილსამყოფელი თაროზე განთავსების ადგილი შეძენის თარიღი სრული შენახვის შიფრი შტრიხკოდი ბოლო ოპერაციის თარიღი ეგზემპლარის მიმდევრობითი ნომერი (კეტერი?) ფასის ძალაში შესვლის თარიღი ეგზემპლარის სახეობა საჯარო შენიშვნა ღირებულება, შესყიდვის ნორმალური ფასი
          ბათუმის შოთა რუსთაველის სახელმწიფო უნივერსიტეტის მთავარი ბიბლიოთეკა ბათუმის შოთა რუსთაველის სახელმწიფო უნივერსიტეტის მთავარი ბიბლიოთეკა წიგნსაცავი 2018-12-17 343 ს–99 5132 2018-12-17 5132 2018-12-17 წიგნი  
          ბათუმის შოთა რუსთაველის სახელმწიფო უნივერსიტეტის მთავარი ბიბლიოთეკა ბათუმის შოთა რუსთაველის სახელმწიფო უნივერსიტეტის მთავარი ბიბლიოთეკა წიგნსაცავი 2023-02-15 343 ს–99 63823 2023-02-15 63823 2023-02-15 წიგნი 8.00 8.00